000 00769nam a2200253Ia 4500
003 OSt
005 20221005043650.0
006 a|||||r|||| 00| 0
007 ta
008 221004b |||||||| |||| 00| 0 eng d
020 _a9789350099384 (hbk)
_c599
024 _a16897
037 _bCBS/293, 16/02/2015, Classic Book Service
_cTextual
040 _aCRL
_cCRL
_beng
041 _2eng
_aeng
082 _aV2:91.P1, Q4
100 _aKhare Harish
_9407043
245 0 _aHow Modi won it
_b Notes from the 2014 election
260 _aGurgaon
_bHacgette Book Pub India
_c2014
300 _a242p.
_ccm.
650 _aHISTORY
942 _hV2:91.P1, Q4
_cTEXL
_2cc
999 _c952212
_d952212